000
00314nam a2200121Ia 4500
008
220216s9999 xx 000 0 und d
100
_a
Mannothra J M
245
0
_a
Rubber wood production and utilization in India
260
_b
Wood News
_c
1993
300
_a
21-28
650
_a
Rubber wood production
942
_c
JS
999
_c
68146
_d
68146